000 00217 a2200097 4500
001 41688
100 _aKuhr M
245 _aManagement consulting
260 _a
_bInternational Labour office
_c
090 _c25817
_d25817
942 _aNUST-CAE
_c
_c17577
999 _c276761
_d276761